[Event "AUT-chT 1415"]
[Site "Austria"]
[Date "2014.11.22"]
[Round "3.2"]
[White "Deglmann, Ludwig"]
[Black "Steflitsch, Erich"]
[Result "1/2-1/2"]
[WhiteElo "2333"]
[BlackElo "2351"]
[PlyCount "60"]
[EventDate "2014.11.20"]
[EventType "team-tourn"]
[EventRounds "11"]
[EventCountry "AUT"]
[SourceTitle "CBM 163 Extra"]
[Source "ChessBase"]
[SourceDate "2014.12.23"]
[SourceVersion "1"]
[SourceVersionDate "2014.12.23"]
[SourceQuality "1"]
[WhiteTeam "Absam"]
[BlackTeam "Wolfsberg"]
[WhiteTeamCountry "AUT"]
[BlackTeamCountry "AUT"]

1. d4 d5 2. c4 e6 3. Nc3 Nf6 4. cxd5 exd5 5. Bg5 c6 6. Qc2 Be7 7. e3 0-0 8. Bd3 Nbd7 9. Nge2 Re8 10. 0-0 Nf8 11. f3 h6 12. Bh4 Ne6 13. Rad1 b6 14. Qd2 Bb7 15. Bc2 Ne4 16. fxe4 Bxh4 17. exd5 cxd5 18. Qd3 Nf8 19. Nf4 Bg5 20. Bb3 Bxf4 21. Rxf4 Re7 22. Rdf1 Ne6 23. Rf5 Nc7 24. Re1 Qd7 25. Qf1 Rae8 26. Rf3 Ba6 27. Qf2 Bd3 28. Bc2 Bxc2 29. Qxc2 Re6 30. Qf2 R8e7 1/2-1/2

[Event "AUT-chT 1314"]
[Site "Austria"]
[Date "2014.03.23"]
[Round "11.5"]
[White "Antal, Gergely"]
[Black "Steflitsch, Erich"]
[Result "1-0"]
[WhiteElo "2515"]
[BlackElo "2358"]
[PlyCount "80"]
[EventDate "2013.12.06"]
[EventType "team-tourn"]
[EventRounds "11"]
[EventCountry "AUT"]
[SourceTitle "EXT 2015"]
[Source "ChessBase"]
[SourceDate "2014.11.20"]
[SourceVersion "1"]
[SourceVersionDate "2014.11.20"]
[SourceQuality "1"]
[WhiteTeam "Wulkaprodersdorf"]
[BlackTeam "Wolfsberg"]
[WhiteTeamCountry "AUT"]
[BlackTeamCountry "AUT"]

1. e4 e6 2. d4 d5 3. Nd2 Nf6 4. e5 Nfd7 5. Bd3 c5 6. c3 Nc6 7. Ne2 cxd4 8. cxd4 f6 9. exf6 Nxf6 10. 0-0 Bd6 11. Nf3 0-0 12. Bf4 Bxf4 13. Nxf4 Ne4 14. Qc1 Ng5 15. Nxg5 Qxg5 16. Ne2 Qf6 17. Qd2 Bd7 18. Bb5 Nb8 19. a4 Bxb5 20. axb5 Nd7 21. g3 Nb6 22. Nf4 Nc4 23. Qe2 Rfe8 24. Rfd1 Qf7 25. Rdc1 Qf6 26. b3 Nd6 27. Ra4 Re7 28. h4 Rc8 29. Rxc8+ Nxc8 30. Qc2 Nb6 31. Rxa7 Qxd4 32. Nd3 Kf7 33. Nc5 Nc4 34. Rxb7 Qxc5 35. Rxe7+ Kxe7 36. bxc4 dxc4 37. Qxh7 Kf8 38. b6 Qxb6 39. Qh8+ Kf7 40. Qh5+ Kf8 1-0

[Event "AUT-chT 1314"]
[Site "Austria"]
[Date "2014.01.30"]
[Round "4.5"]
[White "Steflitsch, Erich"]
[Black "Wegerle, Joerg"]
[Result "1/2-1/2"]
[WhiteElo "2358"]
[BlackElo "2431"]
[PlyCount "61"]
[EventDate "2013.12.06"]
[EventType "team-tourn"]
[EventRounds "11"]
[EventCountry "AUT"]
[SourceTitle "CBM 158 Extra"]
[Source "ChessBase"]
[SourceDate "2014.02.28"]
[SourceVersion "1"]
[SourceVersionDate "2014.02.28"]
[SourceQuality "1"]
[WhiteTeam "Wolfsberg"]
[BlackTeam "Absam"]
[WhiteTeamCountry "AUT"]
[BlackTeamCountry "AUT"]

1. d4 e6 2. c4 Nf6 3. Nc3 Bb4 4. e3 b6 5. Nge2 Bb7 6. a3 Bxc3+ 7. Nxc3 0-0 8. Bd3 d6 9. 0-0 c5 10. d5 exd5 11. cxd5 Ba6 12. e4 Bxd3 13. Qxd3 Nbd7 14. f4 Re8 15. Re1 a6 16. a4 Qc7 17. Qc4 Qb7 18. Bd2 Rab8 19. Nd1 b5 20. axb5 axb5 21. Qc2 c4 22. Nf2 Nc5 23. Bc3 Nfd7 24. Bb4 Qb6 25. Ba5 Qb7 26. Bb4 f6 27. Ra3 Qb6 28. Ba5 Qb7 29. Bb4 Qb6 30. Ba5 Qb7 31. Bb4 1/2-1/2

[Event "AUT-chT2M 1213"]
[Site "Austria"]
[Date "2013.04.20"]
[Round "10.4"]
[White "Testor, Sebastian"]
[Black "Steflitsch, Erich"]
[Result "0-1"]
[WhiteElo "2308"]
[BlackElo "2382"]
[PlyCount "86"]
[EventDate "2012.10.19"]
[EventType "team-tourn"]
[EventRounds "11"]
[EventCountry "AUT"]
[SourceTitle "EXT 2014"]
[Source "ChessBase"]
[SourceDate "2013.11.20"]
[SourceVersion "1"]
[SourceVersionDate "2013.11.20"]
[SourceQuality "1"]
[WhiteTeam "Sauwald"]
[BlackTeam "Wolfsberg"]
[WhiteTeamCountry "AUT"]
[BlackTeamCountry "AUT"]

1. d4 Nf6 2. c4 e6 3. Nc3 Bb4 4. e3 b6 5. Bd3 Bb7 6. Nf3 Ne4 7. Qc2 f5 8. 0-0 Bxc3 9. bxc3 0-0 10. Ne1 c5 11. f3 Nd6 12. Qe2 Qc7 13. Nc2 Nc6 14. Na3 a6 15. Rd1 e5 16. d5 Ne7 17. e4 f4 18. Rb1 Rab8 19. g4 g5 20. Qe1 Ng6 21. Rd2 Ne8 22. h3 Bc8 23. Rh2 Nh4 24. Qf1 Nf6 25. Nc2 h5 26. Ne1 d6 27. Be2 Rf7 28. Ng2 Ng6 29. Ne1 Rh7 30. Rb2 Bd7 31. Bd1 Kg7 32. Rbg2 Rbh8 33. Qd3 b5 34. Qb1 Qa5 35. cxb5 hxg4 36. hxg4 Rxh2 37. Rxh2 Qxc3 38. Nd3 Bxb5 39. Be2 Rxh2 40. Kxh2 Nh4 41. Qb2 Qxb2 42. Bxb2 Nxf3+ 43. Kg2 Bxd3 0-1

[Event "AUT-chT2M 1112"]
[Site "Austria"]
[Date "2012.04.28"]
[Round "10.1"]
[White "Steflitsch, Erich"]
[Black "Flumbort, Andras"]
[Result "0-1"]
[WhiteElo "2369"]
[BlackElo "2539"]
[PlyCount "48"]
[EventDate "2011.10.21"]
[EventType "team-tourn"]
[EventRounds "11"]
[EventCountry "AUT"]
[SourceTitle "EXT 2013"]
[Source "ChessBase"]
[SourceDate "2012.11.22"]
[SourceVersion "1"]
[SourceVersionDate "2012.11.22"]
[SourceQuality "1"]
[WhiteTeam "Wolfsberg"]
[BlackTeam "St Valentin"]
[WhiteTeamCountry "AUT"]
[BlackTeamCountry "AUT"]

1. e4 c5 2. Nf3 d6 3. d4 cxd4 4. Nxd4 Nf6 5. Nc3 e6 6. g4 a6 7. g5 Nfd7 8. Be3 b5 9. Qd2 Bb7 10. f3 Nb6 11. 0-0-0 N8d7 12. Bd3 Rc8 13. f4 Nc5 14. a3 Qc7 15. Kb1 Be7 16. Rhg1 d5 17. e5 g6 18. h4 Ne4 19. Nxe4 dxe4 20. Be2 Nd5 21. h5 b4 22. a4 Bc5 23. Rc1 Nxe3 24. Qxe3 Qb6 0-1

[Event "AUT-chT2M 1112"]
[Site "Austria"]
[Date "2011.12.04"]
[Round "6.3"]
[White "Genser, Harald"]
[Black "Steflitsch, Erich"]
[Result "1/2-1/2"]
[WhiteElo "2291"]
[BlackElo "2369"]
[PlyCount "84"]
[EventDate "2011.10.21"]
[EventType "team-tourn"]
[EventRounds "11"]
[EventCountry "AUT"]
[SourceTitle "EXT 2013"]
[Source "ChessBase"]
[SourceDate "2012.11.22"]
[SourceVersion "1"]
[SourceVersionDate "2012.11.22"]
[SourceQuality "1"]
[WhiteTeam "Die Klagenfurter"]
[BlackTeam "Wolfsberg"]
[WhiteTeamCountry "AUT"]
[BlackTeamCountry "AUT"]

1. d4 Nf6 2. c4 g6 3. Nc3 d5 4. Nf3 Bg7 5. cxd5 Nxd5 6. e4 Nxc3 7. bxc3 c5 8. Be3 Qa5 9. Qd2 Nc6 10. Rb1 0-0 11. Rb5 cxd4 12. Rxa5 dxe3 13. Qxe3 Nxa5 14. Nd4 Bd7 15. e5 Rfc8 16. f4 a6 17. Nb3 Nxb3 18. axb3 e6 19. h4 a5 20. Be2 Bf8 21. Qd3 Rc7 22. 0-0 a4 23. b4 Rac8 24. b5 Be8 25. c4 a3 26. Rd1 Rd7 27. Qb3 Rxd1+ 28. Bxd1 Rd8 29. Bc2 Rd2 30. Qa4 Bd7 31. Bb3 Rb2 32. c5 Bxc5+ 33. Kh2 Bf8 34. Qc4 Bxb5 35. Qxb5 a2 36. Qa4 Rxb3 37. Qxa2 Rb4 38. g3 h5 39. Qc2 b5 40. Kh3 Rd4 41. Qc3 Rd5 42. Qc6 b4 1/2-1/2

[Event "AUT-chT2M 1011"]
[Site "Austria"]
[Date "2011.03.11"]
[Round "6.3"]
[White "Steflitsch, Erich"]
[Black "Genser, Harald"]
[Result "1/2-1/2"]
[WhiteElo "2367"]
[BlackElo "2281"]
[PlyCount "79"]
[EventDate "2010.10.16"]
[EventType "team-tourn"]
[EventRounds "11"]
[EventCountry "AUT"]
[SourceTitle "EXT 2012"]
[Source "ChessBase"]
[SourceDate "2011.11.24"]
[SourceVersion "1"]
[SourceVersionDate "2011.11.24"]
[SourceQuality "1"]
[WhiteTeam "Wolfsberg"]
[BlackTeam "Klagenfurt"]
[WhiteTeamCountry "AUT"]
[BlackTeamCountry "AUT"]

1. d4 Nf6 2. c4 e6 3. Nf3 d5 4. Nc3 Be7 5. Bg5 h6 6. Bxf6 Bxf6 7. Qb3 c6 8. 0-0-0 Nd7 9. e4 dxe4 10. Nxe4 Be7 11. Qe3 Nf6 12. Bd3 Qc7 13. Kb1 Bd7 14. Ne5 Nxe4 15. Qxe4 Bf6 16. f4 Rf8 17. Nxd7 Qxd7 18. d5 0-0-0 19. dxc6 Qxc6 20. Qxc6+ bxc6 21. Be4 Kc7 22. Kc2 Rxd1 23. Rxd1 Rd8 24. Rxd8 Bxd8 25. c5 Be7 26. b4 a5 27. Kb3 axb4 28. Kxb4 Bd8 29. a4 Kd7 30. a5 Bc7 31. a6 Bb8 32. h4 Ba7 33. g4 f6 34. Kc4 Kc7 35. Bg6 Kd7 36. Bc2 Ke7 37. h5 Kd7 38. Ba4 Kc7 39. Kd4 Kd7 40. Bb3 1/2-1/2

[Event "AUT-chT2M 1011"]
[Site "Austria"]
[Date "2010.10.16"]
[Round "1"]
[White "Knoll, Hermann"]
[Black "Steflitsch, Erich"]
[Result "1-0"]
[WhiteElo "2382"]
[BlackElo "2367"]
[PlyCount "53"]
[EventDate "2010.10.16"]
[EventType "team-tourn"]
[EventRounds "11"]
[EventCountry "AUT"]
[SourceTitle "CBM 138 Extra"]
[Source "ChessBase"]
[SourceDate "2010.10.29"]
[SourceVersion "1"]
[SourceVersionDate "2010.10.29"]
[SourceQuality "1"]
[WhiteTeam "Ansfelden"]
[BlackTeam "Wolfsberg"]
[WhiteTeamCountry "AUT"]
[BlackTeamCountry "AUT"]

1. d4 Nf6 2. c4 e6 3. Nc3 d5 4. Nf3 Be7 5. Bf4 0-0 6. e3 Nbd7 7. a3 c6 8. h3 a6 9. c5 b6 10. b4 bxc5 11. bxc5 Ne4 12. Nxe4 dxe4 13. Ne5 Nxe5 14. Bxe5 f6 15. Bg3 Qa5+ 16. Qd2 Qxd2+ 17. Kxd2 e5 18. Bc4+ Kh8 19. Rab1 Rd8 20. Kc3 Ra7 21. Rb6 Rad7 22. Rxc6 exd4+ 23. exd4 Rxd4 24. Bc7 R8d7 25. Rb1 Bd8 26. Bd6 Bb7 27. Rxb7 1-0

[Event "AUT-chT2M 0910"]
[Site "Austria"]
[Date "2010.02.27"]
[Round "7.4"]
[White "Steflitsch, Erich"]
[Black "Kaspret, Guido"]
[Result "1-0"]
[WhiteElo "2371"]
[BlackElo "2310"]
[PlyCount "79"]
[EventDate "2009.10.10"]
[EventType "team-tourn"]
[EventRounds "11"]
[EventCountry "AUT"]
[SourceTitle "EXT 2011"]
[Source "ChessBase"]
[SourceDate "2010.11.26"]
[SourceVersion "1"]
[SourceVersionDate "2010.11.26"]
[SourceQuality "1"]
[WhiteTeam "Wolfsberg"]
[BlackTeam "St Veit/Glan"]
[WhiteTeamCountry "AUT"]
[BlackTeamCountry "AUT"]

1. d4 d5 2. c4 c6 3. Nc3 Nf6 4. Nf3 a6 5. c5 Nbd7 6. Bf4 g6 7. e3 Bg7 8. h3 Ne4 9. Nxe4 dxe4 10. Ng5 0-0 11. Nxe4 e5 12. dxe5 Nxe5 13. Qxd8 Rxd8 14. Bg5 Nd3+ 15. Bxd3 Rxd3 16. Nf6+ Bxf6 17. Bxf6 Rd5 18. Bd4 f5 19. f4 Be6 20. Kf2 Rad8 21. Rag1 R5d7 22. a3 Bd5 23. Rh2 Be4 24. g4 Kf7 25. g5 Ke6 26. h4 a5 27. h5 gxh5 28. Rxh5 Kd5 29. Rg3 Rf8 30. Rgh3 Rff7 31. Rh6 a4 32. Rf6 Kc4 33. Ke2 Kb5 34. Rxf7 Rxf7 35. Rh6 Kc4 36. Kd2 Bd5 37. Rd6 Kb5 38. Kc3 Re7 39. Rd8 Rf7 40. b4 1-0

[Event "AUT-chT2M 0506"]
[Site "Austria"]
[Date "2006.02.04"]
[Round "6.4"]
[White "Steflitsch, Erich"]
[Black "Sandhu, Mario"]
[Result "0-1"]
[WhiteElo "2352"]
[BlackElo "2264"]
[PlyCount "64"]
[EventDate "2005.10.08"]
[EventType "team"]
[EventRounds "11"]
[EventCountry "AUT"]
[SourceTitle "EXT 2006"]
[Source "ChessBase"]
[SourceDate "2005.11.24"]
[SourceVersion "1"]
[SourceVersionDate "2005.11.24"]
[SourceQuality "1"]
[WhiteTeam "Wolfsberg"]
[BlackTeam "Gleisdorf"]
[WhiteTeamCountry "AUT"]
[BlackTeamCountry "AUT"]

1. c4 Nf6 2. Nc3 e5 3. Nf3 Nc6 4. e4 d6 5. d4 exd4 6. Nxd4 Be7 7. Be2 0-0 8. 0-0 Re8 9. Re1 Nxd4 10. Qxd4 Nd7 11. Qd2 Bf6 12. f3 Nc5 13. Rb1 a5 14. Nd5 Be5 15. Qg5 Bd4+ 16. Kf1 f6 17. Qh4 c6 18. Ne3 Ne6 19. Nf5 Bc5 20. Rd1 g6 21. Nh6+ Kg7 22. Ng4 h5 23. Ne3 Ng5 24. b3 Be6 25. a3 Qe7 26. b4 axb4 27. axb4 Bb6 28. c5 dxc5 29. b5 Bc7 30. bxc6 bxc6 31. e5 Bxe5 32. f4 Ra4 0-1

[Event "AUT-chT2M 0506"]
[Site "Austria"]
[Date "2005.10.08"]
[Round "1.6"]
[White "Steflitsch, Erich"]
[Black "Butunoi, Alexandru Victor"]
[Result "1-0"]
[WhiteElo "2352"]
[BlackElo "2356"]
[PlyCount "75"]
[EventDate "2005.10.08"]
[EventType "team"]
[EventRounds "11"]
[EventCountry "AUT"]
[SourceTitle "EXT 2006"]
[Source "ChessBase"]
[SourceDate "2005.11.24"]
[SourceVersion "1"]
[SourceVersionDate "2005.11.24"]
[SourceQuality "1"]
[WhiteTeam "Wolfsberg"]
[BlackTeam "Graz Strassenbahn"]
[WhiteTeamCountry "AUT"]
[BlackTeamCountry "AUT"]

1. e4 c5 2. Nf3 d6 3. d4 cxd4 4. Nxd4 Nf6 5. Nc3 a6 6. Bg5 Nc6 7. Qd2 Qb6 8. Nb3 e6 9. 0-0-0 Be7 10. f3 Bd7 11. g4 Qc7 12. Be3 0-0 13. g5 Ne8 14. f4 b5 15. Bd3 b4 16. Ne2 a5 17. Nbd4 a4 18. Kb1 Qb7 19. f5 e5 20. Nxc6 Bxc6 21. Ng3 b3 22. a3 bxc2+ 23. Qxc2 d5 24. exd5 Bxd5 25. f6 Bxa3 26. Bxh7+ Kh8 27. Rxd5 g6 28. Bxg6 fxg6 29. Rhd1 Rc8 30. Rd7 Qb4 31. Qg2 Kg8 32. Rb7 Qg4 33. Qd5+ Kh8 34. Qd7 Qxd7 35. Rdxd7 Bc5 36. Bxc5 Rxc5 37. Rh7+ Kg8 38. f7+ 1-0

[Event "AUT-chT2M 0405"]
[Site "Austria"]
[Date "2005.04.03"]
[Round "11.1"]
[White "Steflitsch, Erich"]
[Black "Dervishi, Erald"]
[Result "1/2-1/2"]
[WhiteElo "2367"]
[BlackElo "2502"]
[PlyCount "118"]
[EventDate "2004.10.16"]
[EventType "team-tourn"]
[EventRounds "11"]
[EventCountry "AUT"]
[SourceTitle "EXT 2005"]
[Source "ChessBase"]
[SourceDate "2004.11.15"]
[SourceVersion "1"]
[SourceVersionDate "2004.11.15"]
[SourceQuality "1"]
[WhiteTeam "Wolfsberg"]
[BlackTeam "Leoben"]
[WhiteTeamCountry "AUT"]
[BlackTeamCountry "AUT"]

1. e4 e5 2. Nf3 Nc6 3. Bb5 a6 4. Ba4 Nf6 5. 0-0 Be7 6. Re1 b5 7. Bb3 d6 8. c3 0-0 9. h3 Bb7 10. d4 Re8 11. Nbd2 Bf8 12. a3 g6 13. Ba2 Bg7 14. d5 Ne7 15. b4 c6 16. c4 h6 17. Bb2 Rc8 18. c5 cxd5 19. cxd6 Qxd6 20. Bxe5 Qc6 21. Nb3 Nxe4 22. Na5 Qb6 23. Bd4 Bxd4 24. Qxd4 Qxd4 25. Nxd4 Ba8 26. Rac1 Kf8 27. Bb3 Nd6 28. a4 Rxc1 29. Rxc1 Nef5 30. Nxf5 Nxf5 31. axb5 axb5 32. Rc5 Rd8 33. Rxb5 d4 34. Bc2 Nd6 35. Rb6 Ke7 36. Bd3 Rc8 37. Nb3 Rc3 38. Nc5 Bd5 39. Ra6 Bc4 40. Ra7+ Kf6 41. Rd7 Bxd3 42. Rxd6+ Ke5 43. Rd7 Bf5 44. f4+ Kxf4 45. Rxd4+ Ke3 46. Rd8 h5 47. Kh2 Rc2 48. Rf8 Kf2 49. Rd8 Kf1 50. Rd1+ Ke2 51. Rd4 Ke3 52. Rd8 Rc4 53. Rf8 Rxb4 54. Rxf7 Rb2 55. Re7+ Kd4 56. Ne6+ Kd5 57. Ng5 Bd3 58. Rd7+ Kc4 59. Nf3 Re2 1/2-1/2

[Event "AUT-chT2M 0405"]
[Site "Austria"]
[Date "2004.10.17"]
[Round "2.2"]
[White "Holzweber, Martin"]
[Black "Steflitsch, Erich"]
[Result "1/2-1/2"]
[WhiteElo "2177"]
[BlackElo "2367"]
[PlyCount "117"]
[EventDate "2004.10.16"]
[EventType "team-tourn"]
[EventRounds "11"]
[EventCountry "AUT"]
[SourceTitle "EXT 2005"]
[Source "ChessBase"]
[SourceDate "2004.11.15"]
[SourceVersion "1"]
[SourceVersionDate "2004.11.15"]
[SourceQuality "1"]
[WhiteTeam "Wartberg/Aist"]
[BlackTeam "Wolfsberg"]
[WhiteTeamCountry "AUT"]
[BlackTeamCountry "AUT"]

1. e4 e6 2. d4 d5 3. Nc3 Bb4 4. e5 c5 5. a3 Bxc3+ 6. bxc3 Ne7 7. Nf3 Bd7 8. Bd3 h6 9. 0-0 c4 10. Be2 Ba4 11. Rb1 b6 12. Nd2 Na6 13. f4 Nc7 14. Rb4 a5 15. Rxa4 b5 16. Rb4 axb4 17. cxb4 Ra6 18. Rf3 Kd7 19. Nf1 Qg8 20. Ne3 Qh7 21. f5 exf5 22. Nxf5 Nxf5 23. Rxf5 g6 24. Rf3 f5 25. exf6 Qf7 26. Qf1 Ne8 27. Bf4 Rxf6 28. Be5 Rxf3 29. Qxf3 Rf8 30. Qh3+ Kc6 31. Bf3 Nd6 32. Qxh6 Ra8 33. Qe3 Qf5 34. h3 Re8 35. a4 bxa4 36. Qa3 Kb5 37. Bxd6 Qxc2 38. Bxd5 Re1+ 39. Kh2 Qb3 40. Bc6+ Kxc6 41. b5+ Qxb5 42. Bg3 Re8 43. Qd6+ Kb7 44. d5 Ka8 45. Qxg6 Rd8 46. d6 Kb7 47. Qe4+ Qc6 48. Qb1+ Ka6 49. Qc2 Qb5 50. Qc3 Qc5 51. Qf6 Rd7 52. Qh8 c3 53. Qa8+ Ra7 54. Qe8 c2 55. Qxa4+ Kb6 56. Qb3+ Kc6 57. Qf3+ Kb6 58. Qb3+ Kc6 59. Qf3+ 1/2-1/2

[Event "AUT-chT2M 0405"]
[Site "Austria"]
[Date "2004.10.16"]
[Round "1.2"]
[White "Steflitsch, Erich"]
[Black "Uhlmann, Wolfgang"]
[Result "1-0"]
[WhiteElo "2367"]
[BlackElo "2406"]
[PlyCount "77"]
[EventDate "2004.10.16"]
[EventType "team-tourn"]
[EventRounds "11"]
[EventCountry "AUT"]
[SourceTitle "EXT 2005"]
[Source "ChessBase"]
[SourceDate "2004.11.15"]
[SourceVersion "1"]
[SourceVersionDate "2004.11.15"]
[SourceQuality "1"]
[WhiteTeam "Wolfsberg"]
[BlackTeam "Linz SK Voest"]
[WhiteTeamCountry "AUT"]
[BlackTeamCountry "AUT"]

1. d4 Nf6 2. c4 g6 3. Nc3 Bg7 4. e4 0-0 5. Bg5 c5 6. d5 h6 7. Bf4 d6 8. Nge2 a6 9. a4 Qa5 10. Ng3 h5 11. Bd3 Nbd7 12. 0-0 Ne5 13. Bxe5 dxe5 14. Re1 Bd7 15. Nf1 Ne8 16. Nd2 Nd6 17. Ra3 Rab8 18. Qe2 Rfc8 19. Qe3 e6 20. Rd1 Qd8 21. Nf3 exd5 22. Nxd5 Be6 23. Bf1 Qf8 24. a5 Rd8 25. Rb3 f5 26. exf5 Nxf5 27. Qe4 Bf7 28. Nxe5 Re8 29. f4 Qd6 30. Rb6 Rxe5 31. fxe5 Qxe5 32. Qxe5 Bxe5 33. Bd3 Kg7 34. Bxf5 gxf5 35. Ne7 f4 36. Rd7 Bd4+ 37. Kh1 Re8 38. Nf5+ Kf8 39. Rxf7+ 1-0

[Event "AUT-chT 0304"]
[Site "Austria"]
[Date "2004.03.19"]
[Round "9"]
[White "Zelcic, Robert"]
[Black "Steflitsch, Erich"]
[Result "1/2-1/2"]
[WhiteElo "2524"]
[BlackElo "2388"]
[PlyCount "133"]
[EventDate "2003.11.28"]
[EventType "team-tourn"]
[EventRounds "11"]
[EventCountry "AUT"]
[SourceTitle "CBM 097 Extra"]
[Source "ChessBase"]
[SourceDate "2004.01.13"]
[SourceVersion "1"]
[SourceVersionDate "2004.01.13"]
[SourceQuality "1"]
[WhiteTeam "Schwarzach"]
[BlackTeam "Klagenfurter Die"]
[WhiteTeamCountry "AUT"]
[BlackTeamCountry "AUT"]

1. e4 e6 2. d4 d5 3. Nc3 Bb4 4. e5 c5 5. dxc5 Bxc5 6. Qg4 Bf8 7. Nf3 Nc6 8. Bd3 a6 9. 0-0 Nge7 10. Bg5 h6 11. Bd2 Qc7 12. Rfe1 g6 13. Ne2 Bg7 14. Ng3 Nf5 15. Qf4 Nxg3 16. Qxg3 Bd7 17. b4 Ne7 18. a4 Rc8 19. b5 Nf5 20. Bxf5 exf5 21. bxa6 bxa6 22. Bb4 Be6 23. Nd4 Kd7 24. Rab1 Bf8 25. Bd6 Bxd6 26. exd6 Qxd6 27. Qe3 f4 28. Qd3 Rb8 29. Rbd1 Rhe8 30. Nxe6 Rxe6 31. Rxe6 Qxe6 32. c4 Rb2 33. h3 Qe5 34. Qf3 Ke7 35. cxd5 Rb6 36. Qa3+ Rd6 37. Qd3 Kf6 38. Kf1 Kg7 39. Qc4 h5 40. Qd3 Kf6 41. Qf3 Kg7 42. Kg1 Rf6 43. Qd3 Rd6 44. Qc4 Kf6 45. a5 Kg7 46. h4 Kf6 47. Rd4 Kg7 48. Rd1 Kf6 49. Kf1 Kg7 50. Rd4 Rd8 51. Rd1 Rd6 52. Qd3 Kf6 53. Qb3 Kg7 54. Qf3 Rd8 55. Qd3 Rd6 56. Kg1 Kf6 57. Qc2 Kg7 58. Qc5 Kf6 59. Qc1 Kg7 60. Qd2 Kf6 61. Kf1 Kg7 62. Qd3 Kf6 63. Qc2 Kg7 64. Qc4 Kf6 65. Qd3 Kg7 66. Qd2 Kf6 67. Qd3 1/2-1/2

[Event "AUT-chT 0203"]
[Site "Austria"]
[Date "2003.03.15"]
[Round "10.3"]
[White "Schlosser, Michael"]
[Black "Steflitsch, Erich"]
[Result "1-0"]
[WhiteElo "2344"]
[BlackElo "2396"]
[PlyCount "85"]
[EventDate "2002.12.05"]
[EventType "team-tourn"]
[EventRounds "11"]
[EventCountry "AUT"]
[SourceTitle "EXT 2004"]
[Source "ChessBase"]
[SourceDate "2003.11.25"]
[SourceVersion "1"]
[SourceVersionDate "2003.11.25"]
[SourceQuality "1"]
[WhiteTeam "Gleisdorf"]
[BlackTeam "Klagenfurter Die"]
[WhiteTeamCountry "AUT"]
[BlackTeamCountry "AUT"]

1. e4 e6 2. d4 d5 3. Nc3 Bb4 4. e5 c5 5. a3 Bxc3+ 6. bxc3 Ne7 7. Qg4 Qc7 8. Qxg7 Rg8 9. Qxh7 cxd4 10. Kd1 Nbc6 11. f4 Bd7 12. Nf3 0-0-0 13. Qd3 dxc3 14. Qxc3 d4 15. Qc5 Be8 16. g3 Nd5 17. Bd2 Kb8 18. Bd3 Nb6 19. a4 Rd5 20. Qa3 Na5 21. Bxa5 Rxa5 22. Qd6 Qxd6 23. exd6 Rd5 24. a5 Nc8 25. Kd2 Nxd6 26. Rhb1 f6 27. Rb4 e5 28. fxe5 fxe5 29. Re1 Rxa5 30. Rxe5 Rxe5 31. Nxe5 Kc7 32. Rxd4 b5 33. Rf4 a5 34. g4 Rh8 35. Rf2 a4 36. c3 Kd8 37. g5 Ke7 38. Ke3 Ke6 39. Nf3 Kd5 40. g6 Rg8 41. Rg2 a3 42. Nd4 a2 43. Rg5+ 1-0

[Event "EU-Cup 18th"]
[Site "Kallithea"]
[Date "2002.09.28"]
[Round "7.4"]
[White "Steflitsch, Erich"]
[Black "Poldauf, Dirk"]
[Result "0-1"]
[WhiteElo "2399"]
[BlackElo "2410"]
[PlyCount "79"]
[EventDate "2002.09.22"]
[EventType "team-swiss"]
[EventRounds "7"]
[EventCountry "GRE"]
[SourceTitle "CBM 092"]
[Source "ChessBase"]
[SourceDate "2003.02.06"]
[SourceVersion "1"]
[SourceVersionDate "2003.02.06"]
[SourceQuality "1"]
[WhiteTeam "Klagenfurt"]
[BlackTeam "Berlin SF"]
[WhiteTeamCountry "AUT"]
[BlackTeamCountry "GER"]

1. e4 e6 2. d4 d5 3. Nc3 Bb4 4. e5 c5 5. a3 Bxc3+ 6. bxc3 Ne7 7. Qg4 Qc7 8. Qxg7 Rg8 9. Qxh7 cxd4 10. Ne2 Nbc6 11. f4 Bd7 12. Rb1 dxc3 13. Qd3 0-0-0 14. Qxc3 Nf5 15. Rg1 d4 16. Qd3 Na5 17. Rb4 a6 18. g4 Nh4 19. a4 f6 20. exf6 e5 21. f7 Rgf8 22. Rg3 Rxf7 23. Rh3 Bc6 24. Qa3 exf4 25. Kf2 Re8 26. Rxd4 f3 27. Nf4 Ng2 28. Rxf3 Bxf3 29. Qxf3 Qxc2+ 30. Kg3 Qxc1 31. Kxg2 Ref8 32. Kg3 Nc6 33. Rc4 Qe1+ 34. Kg2 Kb8 35. Re4 Qd2+ 36. Kg3 Qd6 37. Bc4 Rf6 38. Qe3 Ne7 39. Rxe7 Rxf4 40. Re8+ 0-1

[Event "EU-Cup 18th"]
[Site "Kallithea"]
[Date "2002.09.27"]
[Round "6.3"]
[White "Steflitsch, Erich"]
[Black "Lerner, Konstantin Z"]
[Result "0-1"]
[WhiteElo "2399"]
[BlackElo "2536"]
[PlyCount "70"]
[EventDate "2002.09.22"]
[EventType "team-swiss"]
[EventRounds "7"]
[EventCountry "GRE"]
[SourceTitle "CBM 092"]
[Source "ChessBase"]
[SourceDate "2003.02.06"]
[SourceVersion "1"]
[SourceVersionDate "2003.02.06"]
[SourceQuality "1"]
[WhiteTeam "Klagenfurt"]
[BlackTeam "Saba Hapoel"]
[WhiteTeamCountry "AUT"]
[BlackTeamCountry "ISR"]

1. e4 c5 2. Nf3 d6 3. d4 cxd4 4. Nxd4 Nf6 5. Nc3 Nc6 6. Bg5 e6 7. Qd2 a6 8. 0-0-0 h6 9. Be3 Be7 10. f4 Bd7 11. Be2 b5 12. Bf3 Rc8 13. Nb3 Na5 14. Nxa5 Qxa5 15. Kb1 b4 16. Ne2 Bc6 17. Ng3 0-0 18. Rhe1 d5 19. e5 Ne4 20. Bxe4 dxe4 21. Qe2 Bd5 22. b3 Rc6 23. Rd2 Rfc8 24. Rc1 Qc7 25. f5 Bg5 26. Bxg5 hxg5 27. fxe6 fxe6 28. Nxe4 Qxe5 29. Re1 a5 30. Qe3 Qf5 31. g4 Qg6 32. Qxg5 Bxe4 33. Rd8+ Kh7 34. Qh4+ Qh6 35. Qxh6+ Kxh6 0-1

[Event "EU-Cup 18th"]
[Site "Kallithea"]
[Date "2002.09.23"]
[Round "2.4"]
[White "Steflitsch, Erich"]
[Black "Hautot, Stephane"]
[Result "1-0"]
[WhiteElo "2399"]
[BlackElo "2273"]
[PlyCount "65"]
[EventDate "2002.09.22"]
[EventType "team-swiss"]
[EventRounds "7"]
[EventCountry "GRE"]
[SourceTitle "CBM 092"]
[Source "ChessBase"]
[SourceDate "2003.02.06"]
[SourceVersion "1"]
[SourceVersionDate "2003.02.06"]
[SourceQuality "1"]
[WhiteTeam "Klagenfurt"]
[BlackTeam "Liege Crelel"]
[WhiteTeamCountry "AUT"]
[BlackTeamCountry "BEL"]

1. e4 d6 2. d4 Nf6 3. Nc3 Nbd7 4. f4 e5 5. Nf3 exd4 6. Qxd4 c6 7. Bd2 Qb6 8. 0-0-0 Be7 9. Re1 0-0 10. e5 Qxd4 11. Nxd4 dxe5 12. fxe5 Ng4 13. e6 Nb6 14. Be2 Nf6 15. exf7+ Rxf7 16. Rhf1 Bd6 17. h3 Be5 18. Nf3 Bg3 19. Rd1 h6 20. Bd3 Be6 21. b3 Rd7 22. Ne2 Bd6 23. Nfd4 Bd5 24. Bxh6 Be5 25. Bg5 Bxg2 26. Bxf6 Bxf1 27. Bxe5 Bxe2 28. Nxe2 Re8 29. Bd4 Nd5 30. Nc3 Nf4 31. Bf5 Rf7 32. Bg4 b6 33. Bg1 1-0